[Event "EU-ch Rapid"]
[Site "Zagreb"]
[Date "2023.12.14"]
[Round "2"]
[White "Markovic, Dino"]
[Black "Sebenik, Matej"]
[Result "0-1"]
[WhiteElo "2138"]
[BlackElo "2534"]
[PlyCount "62"]
[EventDate "2023.12.14"]
[EventType "swiss (rapid)"]
[EventRounds "11"]
[EventCountry "CRO"]
[SourceTitle "CB51_2023"]
[SourceDate "2023.12.20"]
[SourceVersion "1"]
[SourceVersionDate "2023.12.20"]
[SourceQuality "1"]

1. d4 Nf6 2. c4 g6 3. Nc3 Bg7 4. e4 d6 5. f3 0-0 6. Be3 c5 7. Nge2 Nc6 8. Qd2 Qa5 9. Rd1 e6 10. d5 exd5 11. cxd5 Ne5 12. Nc1 a6 13. Be2 b5 14. 0-0 Re8 15. Rfe1 Rb8 16. Qc2 Bd7 17. Nb3 Qd8 18. Nd2 b4 19. Ncb1 Bb5 20. Bxb5 axb5 21. h3 c4 22. Nf1 Rc8 23. Bd4 Nfd7 24. a3 bxa3 25. Nxa3 Qa5 26. Ra1 Nxf3+ 27. gxf3 Bxd4+ 28. Kh1 Ne5 29. Nh2 Nd3 30. Rf1 Bxb2 31. Nxc4 Bxa1 0-1

[Event "BIH-chT1 30th"]
[Site "Gorazde"]
[Date "2023.08.29"]
[Round "6.4"]
[White "Markovic, Dino"]
[Black "Simic, Aleksandar"]
[Result "1-0"]
[WhiteElo "2095"]
[BlackElo "2338"]
[PlyCount "101"]
[EventDate "2023.08.26"]
[EventType "team-tourn"]
[EventRounds "9"]
[EventCountry "BIH"]
[SourceTitle "EXT 2024"]
[Source "ChessBase"]
[SourceDate "2023.10.10"]
[SourceVersion "1"]
[SourceVersionDate "2023.10.10"]
[SourceQuality "1"]

1. d4 f5 2. c4 Nf6 3. Nf3 g6 4. g3 Bg7 5. Bg2 0-0 6. 0-0 d6 7. Nc3 c6 8. b3 Qc7 9. Bb2 e5 10. dxe5 dxe5 11. Qc2 e4 12. Nd4 a6 13. c5 Ng4 14. Na4 Re8 15. Nb6 Ra7 16. Nc4 a5 17. Nd6 Re7 18. N4b5 cxb5 19. Nxb5 Bxb2 20. Nxc7 Bxa1 21. Nb5 Ra6 22. Rxa1 Nc6 23. Rd1 Be6 24. Qc3 a4 25. f3 exf3 26. exf3 Nge5 27. f4 Nf7 28. Qf6 axb3 29. Bxc6 bxa2 30. Qxe7 a1Q 31. Rxa1 Rxa1+ 32. Kg2 Ra2+ 33. Kf3 Bb3 34. Nd4 Bd1+ 35. Ke3 bxc6 36. Ne6 Re2+ 37. Kd3 Rxe6 38. Qxe6 Bf3 39. Kc3 Kg7 40. Kb4 Bd5 41. Qe7 h6 42. Ka5 g5 43. Kb6 Kg6 44. Kc7 Kg7 45. Kd7 Kg6 46. Qe2 Kf6 47. Qb2+ Kg6 48. Ke7 Kh5 49. Qe2+ Kg6 50. Qd3 gxf4 51. gxf4 1-0

[Event "BIH-chT 29th"]
[Site "Bihac"]
[Date "2022.08.23"]
[Round "1.4"]
[White "Kekic, Armin"]
[Black "Markovic, Dino"]
[Result "1/2-1/2"]
[WhiteElo "2136"]
[BlackElo "2146"]
[PlyCount "40"]
[EventDate "2022.08.23"]
[EventType "tourn"]
[EventRounds "9"]
[EventCountry "BIH"]
[SourceTitle "CBM 210 Extra"]
[Source "ChessBase"]
[SourceDate "2022.11.30"]
[SourceVersion "1"]
[SourceVersionDate "2022.11.30"]
[SourceQuality "1"]

1. e4 e6 2. d4 d5 3. Nd2 dxe4 4. Nxe4 Bd7 5. Nf3 Bc6 6. Bd3 Nd7 7. 0-0 Ngf6 8. Qe2 Be7 9. c3 Bxe4 10. Bxe4 Nxe4 11. Qxe4 c6 12. Bf4 0-0 13. Rad1 Qb6 14. Qc2 Rfd8 15. Bg5 Bxg5 16. Nxg5 Nf6 17. Nf3 c5 18. dxc5 Qxc5 19. Rxd8+ Rxd8 20. Rd1 Rxd1+ 1/2-1/2

[Event "BIH-chT1A 28th"]
[Site "Mostar"]
[Date "2021.08.11"]
[Round "9.3"]
[White "Markovic, Dino"]
[Black "Stankovic, Dragan"]
[Result "1/2-1/2"]
[WhiteElo "2131"]
[BlackElo "2205"]
[PlyCount "68"]
[EventDate "2021.08.06"]
[EventType "team-tourn"]
[EventRounds "9"]
[EventCountry "BIH"]
[SourceTitle "CBM 203 Extra"]
[Source "ChessBase"]
[SourceDate "2021.09.30"]
[SourceVersion "1"]
[SourceVersionDate "2021.09.30"]
[SourceQuality "1"]
[WhiteTeam "Zenica Preporod"]
[BlackTeam "Zenica Celik"]
[WhiteTeamCountry "BIH"]
[BlackTeamCountry "BIH"]

1. d4 Nf6 2. c4 e6 3. Nc3 d5 4. Nf3 c6 5. e3 Nbd7 6. Bd3 a6 7. 0-0 dxc4 8. Bxc4 b5 9. Bd3 c5 10. a3 Bb7 11. dxc5 Nxc5 12. Be2 Be7 13. b4 Qxd1 14. Rxd1 Nb3 15. Rb1 Nxc1 16. Rbxc1 0-0 17. Nd4 Rac8 18. Bf3 Bxf3 19. Nxf3 Rc7 20. Nd4 Rfc8 21. Nce2 Nd5 22. Rxc7 Rxc7 23. Rc1 Rxc1+ 24. Nxc1 Nb6 25. Nc6 Bd6 26. Na5 Kf8 27. Kf1 Na4 28. Ne2 Ke8 29. h3 Bc7 30. Nb3 Bb6 31. Ned4 Kd7 32. Ke2 e5 33. Nc2 Nb2 34. e4 Nc4 1/2-1/2

[Event "BIH-chTA 27th"]
[Site "Lukavac"]
[Date "2020.11.03"]
[Round "7.2"]
[White "Markovic, Dino"]
[Black "Hogic, Enes"]
[Result "1/2-1/2"]
[WhiteElo "2136"]
[BlackElo "1966"]
[PlyCount "66"]
[EventDate "2020.10.30"]
[EventType "team-tourn"]
[EventRounds "9"]
[EventCountry "BIH"]
[SourceTitle "CBM 199 Extra"]
[Source "ChessBase"]
[SourceDate "2021.01.31"]
[SourceVersion "1"]
[SourceVersionDate "2021.01.31"]
[SourceQuality "1"]
[WhiteTeam "Zenica Preporod"]
[BlackTeam "Srebrenik"]
[WhiteTeamCountry "BIH"]
[BlackTeamCountry "BIH"]

1. d4 Nf6 2. c4 e6 3. Nc3 d5 4. Nf3 Be7 5. e3 Nbd7 6. Bd3 b6 7. 0-0 Bb7 8. Qe2 Ne4 9. Nd2 f5 10. f3 Nxc3 11. bxc3 0-0 12. e4 fxe4 13. fxe4 Rxf1+ 14. Nxf1 dxe4 15. Bxe4 Bxe4 16. Qxe4 Nf8 17. Ne3 Rb8 18. Bd2 Bd6 19. Rf1 Qg5 20. Qf3 Kh8 21. Rf2 Qg6 22. Ng4 h5 23. Ne3 Nh7 24. Nf1 Rf8 25. Qe2 Rxf2 26. Qxf2 Nf6 27. Bf4 Ne4 28. Qf3 Bxf4 29. Qxf4 Nxc3 30. Qd2 Ne4 31. Qf4 Nc3 32. Qd2 Ne4 33. Qf4 Nc3 1/2-1/2

[Event "BIH-chTA 27th"]
[Site "Lukavac"]
[Date "2020.10.30"]
[Round "1.4"]
[White "Sutkovic, Damir"]
[Black "Markovic, Dino"]
[Result "1-0"]
[WhiteElo "2274"]
[BlackElo "2136"]
[PlyCount "101"]
[EventDate "2020.10.30"]
[EventType "team-tourn"]
[EventRounds "9"]
[EventCountry "BIH"]
[SourceTitle "CBM 199 Extra"]
[Source "ChessBase"]
[SourceDate "2021.01.31"]
[SourceVersion "1"]
[SourceVersionDate "2021.01.31"]
[SourceQuality "1"]
[WhiteTeam "Cazin Ljiljan"]
[BlackTeam "Zenica Preporod"]
[WhiteTeamCountry "BIH"]
[BlackTeamCountry "BIH"]

1. c4 c5 2. Nc3 Nf6 3. Nf3 b6 4. g3 Bb7 5. Bg2 e6 6. 0-0 Be7 7. b3 0-0 8. Bb2 d6 9. Re1 Nbd7 10. e4 a6 11. d4 cxd4 12. Nxd4 Qc7 13. Qe2 Rac8 14. Rad1 Rfd8 15. f4 Bf8 16. f5 Re8 17. fxe6 fxe6 18. Bh3 Nc5 19. b4 Ncxe4 20. Nxe4 Nxe4 21. Bxe6+ Rxe6 22. Nxe6 Qxc4 23. Qxc4 Rxc4 24. Rc1 Rxb4 25. Rf1 Nf6 26. Bxf6 gxf6 27. Nxf8 Kxf8 28. Rc7 Be4 29. Rxf6+ Ke8 30. Rxd6 Rb2 31. Re6+ Kd8 32. Rg7 Bg6 33. Rb7 Rxa2 34. Rbxb6 a5 35. Rb7 a4 36. Ra6 Kc8 37. Rg7 Kb8 38. Rb6+ Kc8 39. Rf6 Rd2 40. Ra7 Kb8 41. Rxa4 Kb7 42. Rg4 Kc7 43. Rgxg6 hxg6 44. Rxg6 Kd7 45. Rf6 Ke7 46. Rf2 Rd4 47. Kg2 Ra4 48. h4 Ke6 49. Kh3 Ke7 50. h5 Ke6 51. g4 1-0

[Event "Lukavac op 8th"]
[Site "Lukavac"]
[Date "2019.11.24"]
[Round "4"]
[White "Imamovic, Samir"]
[Black "Markovic, Dino"]
[Result "1/2-1/2"]
[WhiteElo "1954"]
[BlackElo "2119"]
[PlyCount "35"]
[EventDate "2019.11.22"]
[EventType "swiss"]
[EventRounds "7"]
[EventCountry "BIH"]
[SourceTitle "CBM 193 Extra"]
[Source "ChessBase"]
[SourceDate "2020.01.31"]
[SourceVersion "1"]
[SourceVersionDate "2020.01.31"]
[SourceQuality "1"]

1. e4 e6 2. Nf3 d5 3. exd5 exd5 4. d4 Bd6 5. Be2 Ne7 6. b3 Bf5 7. Ba3 c6 8. Bxd6 Qxd6 9. c3 Nd7 10. 0-0 f6 11. Nh4 0-0-0 12. Nxf5 Nxf5 13. Bg4 Ne7 14. Qf3 h5 15. Bxd7+ Qxd7 16. Nd2 Nf5 17. Rfe1 g5 18. Re2 1/2-1/2

[Event "Solta Amateur op"]
[Site "Grohote"]
[Date "2019.06.20"]
[Round "6"]
[White "Trussevich, Simon"]
[Black "Markovic, Dino"]
[Result "1-0"]
[WhiteElo "2071"]
[BlackElo "2166"]
[PlyCount "95"]
[EventDate "2019.06.15"]
[EventType "swiss"]
[EventRounds "9"]
[EventCountry "CRO"]
[SourceTitle "EXT 2020"]
[Source "ChessBase"]
[SourceDate "2019.10.17"]
[SourceVersion "1"]
[SourceVersionDate "2019.10.17"]
[SourceQuality "1"]

1. Nf3 Nf6 2. e3 b6 3. c4 Bb7 4. Be2 e6 5. b3 c5 6. Bb2 Be7 7. 0-0 0-0 8. d3 d5 9. cxd5 Nxd5 10. a3 Nc6 11. Qc2 Rc8 12. Nbd2 f6 13. Rac1 e5 14. Qb1 Bd6 15. Qa1 Qe7 16. Nc4 Bb8 17. Bd1 e4 18. dxe4 Qxe4 19. Bc2 Qg4 20. Qb1 Qh5 21. Bf5 Rcd8 22. h3 Nce7 23. Bc2 Nc3 24. Bxc3 Bxf3 25. Be4 Be2 26. Rfe1 f5 27. Bc2 Bxc4 28. bxc4 Nc8 29. Rcd1 f4 30. exf4 Bxf4 31. Rxd8 Rxd8 32. Bf5 Nd6 33. Bg4 Qg5 34. Qc2 Ne8 35. Qa4 Nf6 36. Be6+ Kh8 37. Qxa7 h5 38. Qxb6 Rd3 39. Ba5 Rxa3 40. Qd8+ Kh7 41. Bb6 Qe5 42. Qd1 Qg5 43. Qc2+ Kh6 44. Bf5 g6 45. Bxc5 Ra8 46. Be4 Re8 47. Bd4 Qa5 48. Bc3 1-0

[Event "Solta Amateur op"]
[Site "Grohote"]
[Date "2019.06.17"]
[Round "3"]
[White "Markovic, Dino"]
[Black "Prass, Marian"]
[Result "1/2-1/2"]
[WhiteElo "2166"]
[BlackElo "1907"]
[PlyCount "32"]
[EventDate "2019.06.15"]
[EventType "swiss"]
[EventRounds "9"]
[EventCountry "CRO"]
[SourceTitle "EXT 2020"]
[Source "ChessBase"]
[SourceDate "2019.10.17"]
[SourceVersion "1"]
[SourceVersionDate "2019.10.17"]
[SourceQuality "1"]

1. d4 Nf6 2. c4 e6 3. a3 d5 4. Nc3 Nbd7 5. Bg5 Be7 6. e3 0-0 7. Nf3 b6 8. cxd5 exd5 9. Bd3 Bb7 10. 0-0 Ne4 11. Bxe7 Qxe7 12. Qb3 c6 13. Rac1 Rfe8 14. Rfe1 Rac8 15. Re2 h6 16. Rce1 Qd6 1/2-1/2

[Event "BIH-ch 12th"]
[Site "Lukavac"]
[Date "2018.12.15"]
[Round "4"]
[White "Culum, Sanjin"]
[Black "Markovic, Dino"]
[Result "0-1"]
[WhiteElo "2003"]
[BlackElo "2146"]
[PlyCount "108"]
[EventDate "2018.12.13"]
[EventType "swiss"]
[EventRounds "7"]
[EventCountry "BIH"]
[SourceTitle "CBM 187 Extra"]
[Source "ChessBase"]
[SourceDate "2018.11.04"]
[SourceVersion "1"]
[SourceVersionDate "2018.11.04"]
[SourceQuality "1"]

1. Nf3 Nf6 2. g3 b6 3. Bg2 Bb7 4. 0-0 e6 5. d4 Be7 6. c4 0-0 7. Nc3 d5 8. Qc2 c6 9. Rd1 Nbd7 10. Bf4 Rc8 11. Rac1 b5 12. cxb5 cxb5 13. Qb3 a6 14. a4 b4 15. Na2 Qb6 16. Rxc8 Rxc8 17. Rc1 Rxc1+ 18. Nxc1 Qc6 19. Nd3 Qc4 20. Qxc4 dxc4 21. Nde5 c3 22. bxc3 bxc3 23. Nxd7 Nxd7 24. Ne1 Bxg2 25. Kxg2 Nb6 26. e4 Nxa4 27. d5 exd5 28. exd5 Nb6 29. d6 Bf6 30. Kf3 a5 31. Nc2 Nc4 32. Ke2 g5 33. Be3 Nxd6 34. Kd3 g4 35. Bb6 a4 36. Bc5 Be5 37. Ne3 h5 38. Bxd6 Bxd6 39. Kxc3 Bc5 40. Nd5 Kh7 41. Nf4 Kh6 42. Nd3 Bd6 43. Kb2 Kg5 44. Ne1 h4 45. f4+ Bxf4 46. gxf4+ Kxf4 47. Ng2+ Kg5 48. Ka3 f5 49. Kxa4 f4 50. Kb4 f3 51. Ne3 g3 52. hxg3 hxg3 53. Nd1 g2 54. Nf2 Kh4 0-1

[Event "BIH-ch 12th"]
[Site "Lukavac"]
[Date "2018.12.15"]
[Round "5"]
[White "Markovic, Dino"]
[Black "Obad, Andrija"]
[Result "0-1"]
[WhiteElo "2146"]
[BlackElo "2271"]
[PlyCount "30"]
[EventDate "2018.12.13"]
[EventType "swiss"]
[EventRounds "7"]
[EventCountry "BIH"]
[SourceTitle "CBM 187 Extra"]
[Source "ChessBase"]
[SourceDate "2018.11.04"]
[SourceVersion "1"]
[SourceVersionDate "2018.11.04"]
[SourceQuality "1"]

1. d4 d5 2. c4 e6 3. Nc3 c6 4. e3 Nf6 5. Nf3 Nbd7 6. Bd3 Bd6 7. 0-0 0-0 8. e4 dxc4 9. Bxc4 e5 10. Bg5 h6 11. Bh4 b5 12. Bb3 a6 13. Re1 Qe7 14. Bc2 Rd8 15. dxe5 Nxe5 0-1

[Event "BIH-ch 12th"]
[Site "Lukavac"]
[Date "2018.12.14"]
[Round "3"]
[White "Markovic, Dino"]
[Black "Vukic, Milan"]
[Result "0-1"]
[WhiteElo "2146"]
[BlackElo "2403"]
[PlyCount "108"]
[EventDate "2018.12.13"]
[EventType "swiss"]
[EventRounds "7"]
[EventCountry "BIH"]
[SourceTitle "CBM 187 Extra"]
[Source "ChessBase"]
[SourceDate "2018.11.04"]
[SourceVersion "1"]
[SourceVersionDate "2018.11.04"]
[SourceQuality "1"]

1. d4 Nf6 2. c4 d6 3. Nf3 Nbd7 4. Nc3 c6 5. e4 e5 6. Be2 Be7 7. 0-0 0-0 8. Be3 Re8 9. d5 c5 10. Ne1 Nb6 11. a3 Bd7 12. b3 h6 13. Nd3 Nh7 14. Qc2 Bg5 15. f4 exf4 16. Bxf4 Bxf4 17. Nxf4 Qe7 18. Nd3 Nf6 19. Rae1 Bg4 20. h3 Bxe2 21. Qxe2 Nbd7 22. Nb5 Rad8 23. Nxa7 Qxe4 24. Qxe4 Nxe4 25. Nb5 Ndf6 26. Re2 Kf8 27. Rfe1 h5 28. a4 h4 29. a5 Ng3 30. Rxe8+ Nxe8 31. b4 cxb4 32. Nxb4 Ra8 33. a6 bxa6 34. Nxa6 Rxa6 35. Rxe8+ Kxe8 36. Nc7+ Kd7 37. Nxa6 Ne4 38. Nb8+ Kc7 39. Nc6 Nd2 40. Ne7 g6 41. Kf2 Kd7 42. Nc6 Nxc4 43. g3 Ne5 44. Nd4 Nd3+ 45. Ke2 Nb4 46. gxh4 Nxd5 47. Kf3 Nf6 48. Kf4 Nh5+ 49. Kg5 d5 50. Kh6 Ke7 51. Kg5 Kd6 52. Kh6 Ke5 53. Nc6+ Kf6 54. Nb4 d4 0-1

[Event "BIH-chT1"]
[Site "Bosanska Krupa"]
[Date "2018.08.30"]
[Round "9"]
[White "Avdic, Mirza"]
[Black "Markovic, Dino"]
[Result "0-1"]
[WhiteElo "2205"]
[BlackElo "2010"]
[PlyCount "118"]
[EventDate "2018.08.25"]
[EventType "tourn"]
[EventRounds "9"]
[EventCountry "BIH"]
[SourceTitle "CBM 186 Extra"]
[Source "ChessBase"]
[SourceDate "2018.08.24"]
[SourceVersion "1"]
[SourceVersionDate "2018.08.24"]
[SourceQuality "1"]

1. g3 c5 2. Bg2 Nc6 3. c4 b6 4. Nf3 Bb7 5. 0-0 Nf6 6. d4 Nxd4 7. Nxd4 Bxg2 8. Kxg2 cxd4 9. Qxd4 Qc7 10. Nc3 e6 11. Rd1 Bc5 12. Qd3 Qc6+ 13. f3 0-0 14. Bg5 Be7 15. Rac1 Rfd8 16. e4 d6 17. b3 a6 18. Be3 Nd7 19. Qd2 Rac8 20. Bg5 Nf6 21. Qe2 h6 22. Be3 Nd7 23. Bd4 Bf6 24. Bxf6 Nxf6 25. e5 dxe5 26. Qxe5 b5 27. Rxd8+ Rxd8 28. Nb1 Nd5 29. Qe1 bxc4 30. Rxc4 Qb6 31. Re4 Rc8 32. Na3 Rc3 33. Nc4 Qb4 34. Qf2 Rc1 35. Re2 Qc3 36. Ne3 Nb4 37. Nf1 Ra1 38. h4 Qc1 39. Nh2 Qh1+ 40. Kh3 Nd5 41. Rc2 Nb4 42. Rd2 Qb1 43. Rd8+ Kh7 44. Qd2 Nd5 45. Rxd5 exd5 46. Qxd5 Rxa2 47. Qxf7 Qc2 48. Nf1 Ra1 49. Ne3 Rh1+ 50. Kg4 Qg6+ 51. Qxg6+ Kxg6 52. Nd5 Rd1 53. Nc7 a5 54. Ne6 Kf6 55. Nc5 Rd5 56. Ne4+ Ke5 57. Kh5 Rb5 58. Kg6 Rxb3 59. Kxg7 Rxf3 0-1

[Event "BIH-chT1"]
[Site "Bosanska Krupa"]
[Date "2018.08.29"]
[Round "7"]
[White "Sutkovic, Damir"]
[Black "Markovic, Dino"]
[Result "1-0"]
[WhiteElo "2351"]
[BlackElo "2010"]
[PlyCount "37"]
[EventDate "2018.08.25"]
[EventType "tourn"]
[EventRounds "9"]
[EventCountry "BIH"]
[SourceTitle "CBM 186 Extra"]
[Source "ChessBase"]
[SourceDate "2018.08.24"]
[SourceVersion "1"]
[SourceVersionDate "2018.08.24"]
[SourceQuality "1"]

1. Nf3 Nf6 2. g3 b6 3. Bg2 Bb7 4. 0-0 e6 5. d3 d5 6. c4 Nbd7 7. Nc3 Bb4 8. cxd5 Nxd5 9. Bd2 Nxc3 10. bxc3 Be7 11. a4 0-0 12. a5 a6 13. c4 Bf6 14. Rb1 Nc5 15. Bb4 Bc6 16. d4 Ne4 17. Bxf8 Nc3 18. Qd3 Nxb1 19. Bb4 1-0

[Event "BIH-chT1"]
[Site "Bosanska Krupa"]
[Date "2018.08.28"]
[Round "6"]
[White "Markovic, Dino"]
[Black "Obad, Andrija"]
[Result "1/2-1/2"]
[WhiteElo "2010"]
[BlackElo "2288"]
[PlyCount "98"]
[EventDate "2018.08.25"]
[EventType "tourn"]
[EventRounds "9"]
[EventCountry "BIH"]
[SourceTitle "CBM 186 Extra"]
[Source "ChessBase"]
[SourceDate "2018.08.24"]
[SourceVersion "1"]
[SourceVersionDate "2018.08.24"]
[SourceQuality "1"]

1. d4 Nf6 2. c4 d6 3. Nc3 g6 4. e4 e5 5. Nf3 Nbd7 6. Be2 Bg7 7. 0-0 0-0 8. h3 h6 9. Be3 exd4 10. Nxd4 Re8 11. f3 c6 12. Qd2 Kh7 13. Nc2 Qc7 14. Rad1 Bf8 15. Rfe1 a5 16. Bd4 a4 17. b4 axb3 18. axb3 Bg7 19. b4 Nf8 20. Bf2 Nh5 21. Bd4 Nf6 22. Bf2 Nh5 23. Bd4 Be5 24. Bxe5 dxe5 25. Qd6 Qxd6 26. Rxd6 Nf4 27. Bf1 Be6 28. Red1 Kg7 29. Kf2 Rec8 30. g3 Nh5 31. Ra1 Kf6 32. Rdd1 Ke7 33. Rxa8 Rxa8 34. Ra1 Rd8 35. Rd1 Nd7 36. Ne3 Ra8 37. Ned5+ cxd5 38. cxd5 Ra3 39. dxe6 fxe6 40. Bb5 Nhf6 41. Rd3 Ra1 42. Rd1 Ra3 43. Rd3 Ra8 44. Na4 Rc8 45. Rc3 Rb8 46. Ke3 g5 47. Bxd7 Nxd7 48. Nc5 Nb6 49. Nd3 Kd6 1/2-1/2

[Event "Lukavac op 5th"]
[Site "Lukavac"]
[Date "2016.11.27"]
[Round "6"]
[White "Selimovic, Amir"]
[Black "Markovic, Dino"]
[Result "0-1"]
[WhiteElo "1937"]
[BlackElo "2065"]
[PlyCount "118"]
[EventDate "2016.11.24"]
[EventType "swiss"]
[EventRounds "7"]
[EventCountry "BIH"]
[SourceTitle "EXT 2019"]
[Source "ChessBase"]
[SourceDate "2018.10.10"]
[SourceVersion "1"]
[SourceVersionDate "2018.10.10"]
[SourceQuality "1"]

1. d4 Nf6 2. c4 e6 3. Nc3 d5 4. cxd5 exd5 5. Bg5 c6 6. e3 Bd6 7. Bd3 0-0 8. Qc2 h6 9. Bh4 Re8 10. Nf3 Nbd7 11. 0-0 Nf8 12. Rab1 a5 13. a3 Bg4 14. Nd2 Bh5 15. Bg3 Bxg3 16. hxg3 Bg6 17. Bxg6 Nxg6 18. b4 axb4 19. axb4 h5 20. Nf3 b5 21. Qf5 Qd7 22. Qxd7 Nxd7 23. Nd2 Nb6 24. Ra1 Na4 25. Ra3 Nxc3 26. Rxc3 Ne7 27. Nf3 f6 28. Ne1 Ra4 29. Nd3 Rea8 30. Rfc1 Kf7 31. Kf1 Ra3 32. Nc5 Rxc3 33. Rxc3 Ra1+ 34. Ke2 Ra2+ 35. Kf1 g5 36. Nb3 Ke6 37. Na5 Kd7 38. Nb7 Nf5 39. Na5 Ne7 40. Nb7 Nf5 41. Na5 Nd6 42. Nxc6 Rxf2+ 43. Kxf2 Ne4+ 44. Kf3 Nxc3 45. Nb8+ Kd6 46. Na6 g4+ 47. Kf4 Ne2+ 48. Kf5 Nxg3+ 49. Kf4 Ne4 50. g3 Nc3 51. Kf5 Ne2 52. Kxf6 h4 53. gxh4 g3 54. h5 g2 55. h6 g1Q 56. h7 Qh2 57. Kg7 Qg3+ 58. Kf7 Qh4 59. Kg8 Qg5+ 0-1

[Event "Sarajevo Bosna op 46th"]
[Site "Sarajevo"]
[Date "2016.06.02"]
[Round "8"]
[White "Alihodzic, Muzafer"]
[Black "Markovic, Dino"]
[Result "1/2-1/2"]
[WhiteElo "2094"]
[BlackElo "2013"]
[PlyCount "112"]
[EventDate "2016.05.28"]
[EventType "swiss"]
[EventRounds "9"]
[EventCountry "BIH"]
[SourceTitle "EXT 2019"]
[Source "ChessBase"]
[SourceDate "2018.10.10"]
[SourceVersion "1"]
[SourceVersionDate "2018.10.10"]
[SourceQuality "1"]

1. e4 e6 2. Nc3 d5 3. d3 c5 4. g3 dxe4 5. Nxe4 Nf6 6. Bg2 Nbd7 7. Ne2 Be7 8. N4c3 0-0 9. 0-0 Nb6 10. b3 Nbd5 11. Bb2 Qc7 12. a4 Nxc3 13. Nxc3 Bd7 14. Ne4 Bc6 15. Nxf6+ Bxf6 16. Bxf6 gxf6 17. Qh5 Bxg2 18. Kxg2 Qe5 19. Qh4 f5 20. Rae1 Qg7 21. h3 Rad8 22. Qe7 Qc3 23. Re2 Rb8 24. g4 Qd4 25. f4 Qg7 26. Kh1 fxg4 27. hxg4 Kh8 28. Rg2 Qh6+ 29. Rh2 Qg7 30. g5 f6 31. Qxc5 fxg5 32. Rg1 g4 33. Qg5 Qxg5 34. fxg5 Rf4 35. Rh4 Rc8 36. c4 Rd8 37. Rg3 Kg7 38. Kg2 Rf3 39. Rh6 Rxg3+ 40. Kxg3 Rxd3+ 41. Kxg4 Rxb3 42. Rxe6 Rb4 43. Re7+ Kg6 44. Re6+ Kf7 45. Rh6 Rxc4+ 46. Kh5 Kg7 47. Rd6 Rc7 48. Rd8 b6 49. Rb8 Rd7 50. Re8 Rb7 51. Rc8 a6 52. Rc6 a5 53. Rd6 Kf7 54. Kh6 Ke7 55. Rc6 Kd8 56. Rf6 Ke8 1/2-1/2

[Event "Sarajevo Bosna op 46th"]
[Site "Sarajevo"]
[Date "2016.05.30"]
[Round "4"]
[White "Nestorovic, Katarina"]
[Black "Markovic, Dino"]
[Result "1/2-1/2"]
[WhiteElo "1849"]
[BlackElo "2013"]
[PlyCount "124"]
[EventDate "2016.05.28"]
[EventType "swiss"]
[EventRounds "9"]
[EventCountry "BIH"]
[SourceTitle "EXT 2019"]
[Source "ChessBase"]
[SourceDate "2018.10.10"]
[SourceVersion "1"]
[SourceVersionDate "2018.10.10"]
[SourceQuality "1"]

1. e4 c5 2. Nf3 e6 3. d4 cxd4 4. Nxd4 a6 5. Nc3 d6 6. f4 Nf6 7. Qf3 Nbd7 8. Bd3 Be7 9. g4 Nc5 10. g5 Nfd7 11. Bd2 b5 12. Nc6 Qc7 13. Nxe7 Kxe7 14. a3 Bb7 15. Qh3 Rac8 16. Rf1 f6 17. Rg1 g6 18. f5 Ne5 19. gxf6+ Kf7 20. 0-0-0 exf5 21. exf5 Ncxd3+ 22. cxd3 Bf3 23. Qh6 Rcg8 24. Kb1 Bxd1 25. Rxd1 Qd7 26. Ne4 gxf5 27. Ng5+ Ke8 28. Re1 Kd8 29. d4 Nf7 30. Ne6+ Qxe6 31. Rxe6 Nxh6 32. Bxh6 Rg6 33. Bg7 Rg8 34. Rxd6+ Kc7 35. Rxa6 Kb7 36. Re6 R8xg7 37. fxg7 Rxg7 38. Re5 Rf7 39. Rxb5+ Ka6 40. Re5 f4 41. Re2 Kb5 42. b3 Kc6 43. Kc2 Kd5 44. Kd3 Rb7 45. Re5+ Kd6 46. b4 Ra7 47. Ra5 Re7 48. Re5 Ra7 49. Ke4 Rxa3 50. Kxf4 Rh3 51. Rc5 Rxh2 52. Ke4 h5 53. b5 h4 54. Rc6+ Kd7 55. Kd5 Rb2 56. Rh6 Rxb5+ 57. Kc4 Rg5 58. Rxh4 Kc8 59. Rh7 Kd8 60. d5 Kc8 61. Kc5 Rg6 62. d6 Rg1 1/2-1/2

[Event "Sarajevo Bosna op 46th"]
[Site "Sarajevo"]
[Date "2016.05.28"]
[Round "1"]
[White "Markovic, Dino"]
[Black "Bosiocic, Marin"]
[Result "0-1"]
[WhiteElo "2013"]
[BlackElo "2567"]
[PlyCount "44"]
[EventDate "2016.05.28"]
[EventType "swiss"]
[EventRounds "9"]
[EventCountry "BIH"]
[SourceTitle "CBM 172 Extra"]
[Source "ChessBase"]
[SourceDate "2016.06.21"]
[SourceVersion "1"]
[SourceVersionDate "2016.06.21"]
[SourceQuality "1"]

1. d4 Nf6 2. c4 d6 3. Nf3 Nbd7 4. Nc3 e5 5. e4 g6 6. Be2 Bg7 7. 0-0 0-0 8. dxe5 dxe5 9. Qc2 c6 10. Rd1 Qe7 11. h3 Nh5 12. Bf1 Nf4 13. g3 Ne6 14. Ne2 a5 15. Bg2 Ndc5 16. b3 f5 17. Ba3 f4 18. Bb2 Ng5 19. Nxg5 Qxg5 20. Qc3 Ne6 21. Rd2 f3 22. Ba3 c5 0-1